| 000 | 00393nam a22001337a 4500 | ||
|---|---|---|---|
| 082 |
_a355.5095491 _bGUI _cD |
||
| 100 |
_aPakistan military academy kakul (abottabad) _938134 |
||
| 245 | _aA Guide book for Gentlemen Cadets | ||
| 260 |
_aAbottabad _bDepartment of English _c1989 |
||
| 300 |
_a172.p: _c25cm. |
||
| 526 |
_a0 _b0 _c0 _d355_509549100000000_GUI |
||
| 650 |
_aMCE _9379 |
||
| 942 |
_2ddc _cBK |
||
| 999 |
_c542795 _d542795 |
||